| 000 | 00740nam a2200229 a 4500 | ||
|---|---|---|---|
| 999 |
_c1038 _d1038 |
||
| 001 | 1038 | ||
| 003 | BD-JhCC | ||
| 005 | 20171015124239.0 | ||
| 008 | 171014s2008 bg |||| ||a| 000 0 ben d | ||
| 020 | _a9847011700243 | ||
| 035 | _a(BD-JhCC) 1038 | ||
| 040 |
_aBD-JhCC _dBD-JhCC |
||
| 041 | _aben | ||
| 082 |
_a823.803 _bHAR 2008 |
||
| 100 | _aনিউটন, জুলফিকার | ||
| 245 |
_aটমাস হাডি ফ্রম দি ম্যাডিং ক্রাউড / _cজুলফিকার নিউটন |
||
| 260 |
_aঢাকা: _bরোদেলা প্রকাশ, _c2008 |
||
| 300 |
_a351 p .: _c22 cm. |
||
| 650 | _aFar from the madding crowd | ||
| 942 |
_2ddc _cBK |
||